Central Library OPAC University of Rajshahi

Mortality and other investigations / (Record no. 4785)

MARC details
000 -LEADER
fixed length control field 00862cam a2200265u 4500
001 - CONTROL NUMBER
control field 4785
003 - CONTROL NUMBER IDENTIFIER
rucl marc code BD-RjUL
005 - DATE AND TIME OF LATEST TRANSACTION
control field 20211208233944.0
008 - FIXED-LENGTH DATA ELEMENTS--GENERAL INFORMATION
fixed length control field 131223t1955 e a 001 0 eng
035 ## - SYSTEM CONTROL NUMBER
System control number (BD-RjUL)4820
040 ## - CATALOGING SOURCE
Original cataloging agency DLC
Transcribing agency CarP
Modifying agency DLC
-- BD-RjUL
Language of cataloging eng
041 ## - LANGUAGE CODE
Language code of text/sound track or separate title eng
082 04 - DEWEY DECIMAL CLASSIFICATION NUMBER
Edition number 16
Classification number 368.301
Author mark and year HAM 1955
100 1# - MAIN ENTRY--PERSONAL NAME
Personal name Haycocks, H. W. [from old catalog]
9 (RLIN) 15092
245 10 - TITLE STATEMENT
Title Mortality and other investigations /
Statement of responsibility, etc. by H.W. Haycocks.
260 ## - PUBLICATION, DISTRIBUTION, ETC. (IMPRINT)
Place of publication, distribution, etc. Cambridge :
Name of publisher, distributor, etc. Published for the Institute of Actuaries and the Faculty of Actuaries at the University Press,
Date of publication, distribution, etc. 1955
300 ## - PHYSICAL DESCRIPTION
Pagination V.
Illustrations ill. ;
Size 23 cm.
504 ## - BIBLIOGRAPHY, ETC. NOTE
Bibliography, etc Includes index.
505 ## - FORMATTED CONTENTS NOTE
Formatted contents note Vol. 1--
650 #0 - SUBJECT ADDED ENTRY--TOPICAL TERM
Topical term or geographic name as entry element Life insurance
General subdivision Mathematics.
9 (RLIN) 15093
Topical term or geographic name as entry element Mortality.
9 (RLIN) 15094
700 1# - ADDED ENTRY--PERSONAL NAME
Personal name Perks, W., [from old catalog]
Relator term joint author.
942 ## - ADDED ENTRY ELEMENTS (KOHA)
Source of classification or shelving scheme Dewey Decimal Classification
Koha item type Books
Holdings
Lost status Source of classification or shelving scheme Damaged status Not for loan Collection code Permanent Location Current Location Shelving location Date acquired Source of acquisition Cost, normal purchase price Total Checkouts Full call number Date last seen Copy number Koha item type
  Dewey Decimal Classification     Non-fiction Central Library, University of Rajshahi Central Library, University of Rajshahi   04/12/1965 National Book agency 16.87   368.32 V-1 HAM 1955 23/12/2013 C-4 Books
  Dewey Decimal Classification     Non-fiction Central Library, University of Rajshahi Central Library, University of Rajshahi   19/10/1962 Zeitlinger 23.00   368.32 V-1 HAM 1955 14/08/2016 C-2 Books
  Dewey Decimal Classification     Non-fiction Central Library, University of Rajshahi Central Library, University of Rajshahi   04/12/1965 National bk. agency 16.60   368.32 V-1 HAM 1955 14/08/2016 C-3 Books